Análisis e interpretación de datos cualitativos
Saved in:
| Hovedforfatter: | |
|---|---|
| Format: | Bog |
| Sprog: | spansk |
| Udgivet: |
Valparaíso
Eds. Universitaria
1993
|
| Serier: | Manual, 6
|
| Fag: | |
| Tags: |
Tilføj Tag
Ingen Tags, Vær først til at tagge denne postø!
|
MARC
| LEADER | 00000nam a2200000 a 4500 | ||
|---|---|---|---|
| 001 | UCW7637 | ||
| 003 | CL-VaPUC | ||
| 008 | 930604e19930000CL |||||||||||||||||spa|d | ||
| 082 | 0 | 4 | |a 370.78 |b MAR |2 21 |
| 100 | |a Marinkovich Ravena, Juana Teresa |e autora |9 567399 | ||
| 245 | 1 | 0 | |a Análisis e interpretación de datos cualitativos |
| 300 | |a 32 p | ||
| 942 | |c BK | ||
| 945 | |d 19930604 00:00:00 | ||
| 260 | |a Valparaíso |b Eds. Universitaria |c 1993 | ||
| 650 | 0 | |a Evaluación de la educación |9 237505 | |
| 583 | |a last modification |c 19930604 00:00:00 |k Rodrigo Vera | ||
| 490 | 0 | |a Manual, 6 | |
| 999 | |c 220339 |d 220337 | ||
| 952 | |0 0 |1 0 |4 0 |6 370_780000000000000_MAR_1993 |7 0 |8 A |9 212392 |a BIBEDU |b BIBEDU |d 2019-11-15 |i 2806258 |o 370.78 MAR 1993 |p 2806258 |r 2019-11-15 |w 2019-11-15 |y BK |k EDU | ||
| 952 | |0 0 |1 0 |4 0 |6 370_780000000000000_MAR_1993 |7 0 |8 A |9 212393 |a BIBEDU |b BIBEDU |d 2019-11-15 |i 2806266 |o 370.78 MAR 1993 |p 2806266 |r 2019-11-15 |w 2019-11-15 |y BK |k EDU | ||
| 952 | |0 0 |1 0 |4 0 |6 370_780000000000000_MAR_1993 |7 0 |8 A |9 212394 |a BIBEDU |b BIBEDU |d 2019-11-15 |i 2806274 |o 370.78 MAR 1993 |p 2806274 |r 2019-11-15 |w 2019-11-15 |y BK |k EDU | ||
| 952 | |0 0 |1 0 |4 0 |6 370_780000000000000_MAR_1993 |7 0 |8 A |9 212395 |a BIBEDU |b BIBEDU |d 2019-11-15 |i 2806282 |o 370.78 MAR 1993 |p 2806282 |r 2019-11-15 |w 2019-11-15 |y BK |k EDU | ||
| 952 | |0 0 |1 0 |4 0 |6 370_780000000000000_MAR_1993 |7 0 |8 A |9 212396 |a BIBEDU |b BIBEDU |d 2019-11-15 |i 2806290 |o 370.78 MAR 1993 |p 2806290 |r 2019-11-15 |w 2019-11-15 |y BK |k EDU | ||